Normal view
MARC view
- تاريخ الاندلس(14921-711)-فتح الاندلسالتاريخ الاسلامي
Entry Topical Term
001 - CONTROL NUMBER
- control field: 62736
003 - CONTROL NUMBER IDENTIFIER
- control field: JO-AjAnu
005 - DATE AND TIME OF LATEST TRANSACTION
- control field: 20230606084238.0
008 - FIXED-LENGTH DATA ELEMENTS
- fixed length control field: 230606|| aca||aabn | a|a d
040 ## - CATALOGING SOURCE
- Original cataloging agency: JO-AjAnu
- Transcribing agency: JO-AjAnu
150 ## - HEADING--TOPICAL TERM
- Topical term or geographic name entry element: تاريخ الاندلس(14921-711)-فتح الاندلسالتاريخ الاسلامي
670 ## - SOURCE DATA FOUND
- Source citation: Work cat.: (JO-AjAnu)31990: الباهلي، انسام غضبان, author 62735, المفاخرات في بلاد الاندلس من الفتح الاسلامي حتي سقوط غرناطة (92-897ه-710-1492م):دراسة تاريخية